| 000 -LEADER |
| fixed length control field |
01153pam a2200277 a 4500 |
| 005 - DATE AND TIME OF LATEST TRANSACTION |
| control field |
20131030042058.0 |
| 008 - FIXED-LENGTH DATA ELEMENTS--GENERAL INFORMATION |
| fixed length control field |
920903r19931961nyu 001 0 eng |
| 020 ## - INTERNATIONAL STANDARD BOOK NUMBER |
| International Standard Book Number |
9780679600473 |
| 041 0# - LANGUAGE CODE |
| Language code of text/sound track or separate title |
eng |
| 080 ## - UNIVERSAL DECIMAL CLASSIFICATION NUMBER |
| Universal Decimal Classification number |
316.334 |
| Common auxiliary subdivision |
(73) |
| 100 1# - Rafti |
| Rafti |
Jacobs, Jane, |
| 100 1# - Rafti |
| -- |
1916-2006. |
| 245 14 - TITLE STATEMENT |
| Title |
The death and life of great American cities / |
| Statement of responsibility, etc |
Jane Jacobs ; with a new foreword by the author. |
| 250 ## - |
| -- |
Modern Library ed. |
| 260 ## - |
| -- |
New York : |
| -- |
Modern Library, |
| -- |
1993. |
| 300 ## - |
| -- |
xxiv, 598 p. ; |
| -- |
20 cm. |
| 500 ## - |
| -- |
Foreword to the modern library edition : f. XI-XVIII |
| 500 ## - |
| -- |
Originally published: New York : Random House, 1961. |
| 500 ## - |
| -- |
Includes index. |
| 650 #0 - |
| -- |
Planifikimi i qytetit |
| -- |
Shtetet e bashkuara |
| 650 #0 - |
| -- |
Përtëritje urbane |
| -- |
Shtetet e bashkuara |
| 650 #0 - |
| -- |
Politika urbane |
| -- |
Shtetet e bashkuara |
| 856 42 - |
| -- |
Contributor biographical information |
| -- |
http://www.loc.gov/catdir/bios/random051/92032407.html |
| 856 41 - |
| -- |
Sample text |
| -- |
http://www.loc.gov/catdir/samples/random044/92032407.html |
| 856 42 - |
| -- |
Publisher description |
| -- |
http://www.loc.gov/catdir/description/random0411/92032407.html |
| 942 ## - ADDED ENTRY ELEMENTS (KOHA) |
| Source of classification or shelving scheme |
|
| Item type |
Books |